Jail guide (Record no. 419240)

000 -LEADER
fixed length control field 00286cam a22001097a 4500
008 - FIXED-LENGTH DATA ELEMENTS--GENERAL INFORMATION
fixed length control field 180718b1948 xxu||||| |||| 00| 0 eng d
082 ## - DEWEY DECIMAL CLASSIFICATION NUMBER
Classification number Q9x5411 c.2
100 ## - MAIN ENTRY--PERSONAL NAME
Personal name Chopra, A.N.
245 ## - TITLE STATEMENT
Title Jail guide
Statement of responsibility, etc. by A.N. Chopra
260 ## - PUBLICATION, DISTRIBUTION, ETC.
Place of publication, distribution, etc. Shillong
Name of publisher, distributor, etc. Assam Government Press
Date of publication, distribution, etc. 1948
300 ## - PHYSICAL DESCRIPTION
Extent 117p.
Holdings
Withdrawn status Lost status Damaged status Not for loan Permanent Location Current Location Date acquired Full call number Barcode Date last seen Price effective from Koha item type
        Indian Institute of Public Administration Indian Institute of Public Administration 2009-07-01 Q9x5411 c.2 26797 2018-07-21 2018-07-21 Book

Powered by Koha